| 000 | 00402 a2200145 4500 | ||
|---|---|---|---|
| 020 | _a8170996503 | ||
| 082 | _a352.5 | ||
| 090 |
_c1130 _d1130 |
||
| 100 | _aDayal R. | ||
| 245 |
_aManagement in Government _bEncyclopedia of Economics Commerece and Management _cR. Dayal _hP. Zachariah |
||
| 250 | _a16 | ||
| 260 |
_aNew Delhi _bMittal Publications _c1996 |
||
| 300 | _a371 | ||
| 942 |
_aNBS _cBK _k352.5 AYA |
||
| 999 |
_c343660 _d343660 |
||